Loading...
| Current Events | 1 | 10.00 | 100% | 0% | 0% |
| Fine Arts - Classical Music | 8 | 12.50 | 100% | 25% | 0% |
| Fine Arts - Other Fine Arts | 9 | 11.11 | 78% | 33% | 0% |
| Fine Arts - Painting and Sculpture | 8 | 13.75 | 88% | 38% | 13% |
| Geography | 1 | 20.00 | 100% | 100% | 0% |
| History - American History | 8 | 17.50 | 100% | 50% | 25% |
| History - European History | 5 | 18.00 | 100% | 40% | 40% |
| History - Other History | 5 | 14.00 | 100% | 40% | 0% |
| History - World History | 7 | 17.14 | 100% | 71% | 0% |
| Literature - American Literature | 7 | 20.00 | 100% | 86% | 14% |
| Literature - British Literature | 8 | 18.75 | 100% | 75% | 13% |
| Literature - European Literature | 6 | 23.33 | 100% | 83% | 50% |
| Literature - World Literature | 7 | 14.29 | 86% | 57% | 0% |
| Mythology | 5 | 14.00 | 100% | 40% | 0% |
| Other Academic | 3 | 10.00 | 67% | 33% | 0% |
| Philosophy | 8 | 17.50 | 100% | 63% | 13% |
| Pop Culture | 1 | 10.00 | 100% | 0% | 0% |
| Religion | 7 | 15.71 | 100% | 57% | 0% |
| Science - Biology | 9 | 14.44 | 89% | 56% | 0% |
| Science - Chemistry | 8 | 16.25 | 100% | 63% | 0% |
| Science - Other Science | 8 | 16.25 | 100% | 50% | 13% |
| Science - Physics | 8 | 12.50 | 100% | 25% | 0% |
| Social Science | 8 | 20.00 | 100% | 63% | 38% |